MARC

LEADER 00000nam0a2200000 4500
001 286061
005 20231101235845.0
020 |a RU  |b 85-52273 
035 |a (RuTPU)RU\TPU\book\310350 
090 |a 286061 
100 |a 20150303d1985 m a0rusy5003 ca 
101 0 |a rus 
102 |a RU 
105 |a a z 001zy 
200 1 |a Электробезопасность (в вопросах и ответах)  |f В. П. Кораблев 
210 |a Москва  |c Московский рабочий  |d 1985 
215 |a 192 с.  |c ил. 
320 |a Библиогр.: с. 191 
606 1 |a Электробезопасность  |2 stltpush  |3 (RuTPU)RU\TPU\subj\19720  |9 44893 
610 1 |a электрический ток 
610 1 |a действие на организм 
610 1 |a поражение 
610 1 |a опасность 
610 1 |a электрические сети 
610 1 |a электрические установки 
610 1 |a защитные меры 
610 1 |a производственное оборудование 
610 1 |a эксплуатация 
610 1 |a электрозащитные средства 
610 1 |a предохранительные приспособления 
610 1 |a электрохозяйство 
610 1 |a опасные излучения 
610 1 |a электростатические заряды 
610 1 |a заземляющие устройства 
610 1 |a электропроводка 
610 1 |a изоляция 
610 1 |a первая доврачебная помощь 
610 1 |a вопросы 
610 1 |a ответы 
675 |a 621.3:658.382  |z rus  |v 3 
700 1 |a Кораблев  |b В. П.  |g Владимир Павлович  |4 070 
801 0 |a RU  |b RuMRKP  |c 19950704  |g psbo 
801 1 |a RU  |b 63413507  |c 20150303 
801 2 |a RU  |b 63413507  |c 20180606  |g RCR 
942 |c BK